000 00373nam a2200145Ia 4500
008 240624s9999 xx 000 0 und d
041 _aeng
082 _a658.88 BLU
100 _aBLUHM CHRISTIAN
245 _aINTRODUCTION TO CREDIT RISK MODELING
250 _a(2nd ed.)
260 _c2010
_aLondon
_bCRC Press
300 _axix, : 364 : p. : cm. ; 24
365 _cBPS
_b27
999 _c16873
_d16873